000 00700nam a2200241Ia 4500
005 20260430150109.0
008 008 250103s9999 xx 000 0 eng d
037 _aTheses
040 _aCRL
040 _beng
040 _ceng
041 _2eng
041 _aeng
084 _qCRL
100 _aChopra Sayar Singh Au.; Das Ratnottama Gu.
_91236455
245 0 _aVoicing the subaltern: a critical study of contemporary Indian tribal fiction
260 _c2022
300 _a241p.
650 _aModern Indian Languages
700 _aUniversity of Delhi. Faculty of Arts. Department of Modern Indian Languages and Literary Studies
_9530737
942 _cTH
999 _c1848939
_d1848939